Rae the rollercoaster fairy / (Record no. 47867)
| 000 -LEADER | |
|---|---|
| fixed length control field | 00363nam a2200133 4500 |
| 020 ## - INTERNATIONAL STANDARD BOOK NUMBER | |
| International Standard Book Number | 9781408349632 |
| 100 ## - MAIN ENTRY--PERSONAL NAME | |
| Personal name | Meadows, Daisy |
| 9 (RLIN) | 40969 |
| 245 ## - TITLE STATEMENT | |
| Title | Rae the rollercoaster fairy / |
| Statement of responsibility, etc | Daisy Meadows |
| 260 ## - PUBLICATION, DISTRIBUTION, ETC. (IMPRINT) | |
| Place of publication, distribution, etc | London |
| Name of publisher, distributor, etc | Orchard Books |
| Date of publication, distribution, etc | 2018 |
| 300 ## - PHYSICAL DESCRIPTION | |
| Extent | 71 p. |
| Other physical details | ill. |
| Dimensions | 20 cm. |
| 490 ## - SERIES STATEMENT | |
| Series statement | Rainbow Magic: 1 |
| 650 ## - SUBJECT ADDED ENTRY--TOPICAL TERM | |
| Topical term or geographic name as entry element | Juvenile Fiction |
| 9 (RLIN) | 46924 |
| 942 ## - ADDED ENTRY ELEMENTS (KOHA) | |
| Source of classification or shelving scheme | |
| Koha item type | Book |
| Withdrawn status | Lost status | Source of classification or shelving scheme | Damaged status | Not for loan | Home library | Current library | Shelving location | Date acquired | Total Checkouts | Full call number | Barcode | Date last seen | Date checked out | Price effective from | Koha item type |
|---|---|---|---|---|---|---|---|---|---|---|---|---|---|---|---|
| Asian Hope Primary Library | Asian Hope Primary Library | Junior Fiction | 11/18/2024 | 15 | J FIC MEA | 206999 | 03/13/2026 | 03/06/2026 | 11/18/2024 | Book |